000 00494nam a2200181Ia 4500
008 230917s9999||||xx |||||||||||||| ||und||
020 _cRS699
040 _e252220
_aMAIN
041 _aEnglish
082 _a537 H334E(8)
100 _aHayt, William H, Jr.
245 0 _aEngineering electromagnetics
250 _a8th ed.
260 _aChennai
_bMcGraw Hill Education (India)
_c2014
300 _axvii, 632 p.
500 _a3357 13/12/2018 RBP19/74142 22/02/2019 Main Budget
942 _cBK
999 _c29355
_d29355